000 00936nam a2200241 u 4500
005 20220815094105.0
008 140506s2013 ch r 000 0 spa d
020 _a9789212211046
035 _aUPN01000197034
049 _aCG
050 4 _aHQ1064 A4.4
_bH8.3
100 1 _aHuenchuan, Sandra
_935939
245 1 0 _aEnvejecimiento, solidaridad y protección social en América Latina y el Caribe :
_bla hora de avanzar hacia la igualdad /
_cSandra Huenchuan.
260 _aSantiago de Chile :
_bCEPAL,
_c2013.
300 _a183 p. :
_bgráfs., cuadros
440 0 _aLibros de la CEPAL ;
_v117
650 4 _aANCIANOS -
_xPOLITICA GUBERNAMENTAL -
_zAMERICA LATINA
_921630
650 4 _aANCIANOS -
_xPOLITICA GUBERNAMENTAL -
_zCARIBE (REGION)
_923330
650 4 _aANCIANOS -
_zAMERICA LATINA -
_xCONDICIONES SOCIALES
_921629
650 7 _aAncianos
_zCaribe (Región)
_xCondiciones sociales
_2
_923331
905 _aLibro
999 _c169135
_d169135